Training the bourgeoise : the University of Toulouse in the nineteenth centure, faculties and students in Provincial France
Saved in:
| Main Author: | |
|---|---|
| Format: | Book |
| Language: | English |
| Published: |
New York :
Garland ,
1987
|
| Series: | Modern European history
|
| Subjects: | |
| Tags: |
Add Tag
No Tags, Be the first to tag this record!
|
MARC
| LEADER | 00000nam a2200000 i 4500 | ||
|---|---|---|---|
| 001 | 1/97107 | ||
| 008 | 950201s1987 eng d | ||
| 020 | |a 0-8240-8033-5 | ||
| 035 | |l 10010432 | ||
| 040 | |a GR-MY-UA |b gre |e aacr | ||
| 041 | 0 | |a eng | |
| 082 | 0 | |a 378.4486 | |
| 100 | 1 | |a Burney, John M. |d 1952- | |
| 245 | 1 | 0 | |a Training the bourgeoise : |b the University of Toulouse in the nineteenth centure, faculties and students in Provincial France / |c John M. Burney |
| 260 | |a New York : |b Garland , |c 1987 | ||
| 300 | |a 376 p. | ||
| 490 | 1 | |a Modern European history | |
| 504 | |a Bibliogrphy: p. 342-366 | ||
| 610 | 1 | 0 | |a Universite de Toulouse |x Faculty, history |y 19th century. |
| 610 | 1 | 0 | |a Universite de Toulouse |x History |y 19th century. |
| 610 | 1 | 0 | |a Universite de Toulouse |x Students, history |y 19th century. |
| 830 | 0 | |a Modern European history | |
| 852 | |a INST |b LESVOS |e 19950201 |h 378.4486 BUR |p 005100003082 |q 005100003082 |t BK |y 0 | ||
| 909 | |a Λ |b 035301 | ||